Score 0/25 Timer 05:00
3 Plays Today
Hint Answer % Correct
The Muppet Show
95.5%
Sesame Street
92.9%
Lassie
87.3%
The King Of Queens
76.2%
Family Matters
76%
Knight Rider
75.4%
The Lone Ranger
69.2%
Mad About You
65.6%
Who's the Boss
63.1%
Moonlighting
60%
Oz
59.8%
Dawson's Creek
59.3%
The Wonder Years
59.3%
Hint Answer % Correct
Columbo
55.1%
Growing Pains
50.4%
Dharma & Greg
50%
Dynasty
40.7%
ALF
38.8%
Step by Step
38.8%
Law & Order: CI
37.9%
Blackadder Goes Forth
31.5%
Orange Is the New Black
30.3%
The IT Crowd
28.9%
Chicago Hope
20.8%
Weird Science
2.9%
Remove Ads.
Support Sporcle.
Get the best of Sporcle when you Go Orange. This ad-free experience offers more features, more stats, and more fun while also helping to support Sporcle. Thank you for becoming a member.

You're not logged in!

Compare scores with friends on all Sporcle quizzes.
OR
Log In

Show Comments

Extras

Top Quizzes Today


Score Distribution

Your Account Isn't Verified!

In order to create a playlist on Sporcle, you need to verify the email address you used during registration. Go to your Sporcle Settings to finish the process.

Report this User

Report this user for behavior that violates our Community Guidelines.

Details: